|
|
|
|
| LEADER |
01242nam a2200313 a 4500 |
| 001 |
1521949 |
| 008 |
100502s2005 bg abc b 001 0 eng d |
| 010 |
|
|
|a 2009311424
|
| 020 |
|
|
|a 9843221826
|
| 020 |
|
|
|a 9789843221827
|
| 040 |
|
|
|a DLC
|c DLC
|d DKAGE
|d BD-DhAAL
|
| 082 |
0 |
4 |
|a 362.1095492
|2 22
|
| 100 |
1 |
|
|a Kafiluddin, A. K. M.
|
| 245 |
1 |
0 |
|a Human health, diseases, and the environment :
|b dissemination of research findings and emerging and re-emerging diseases--update /
|c by A.K.M. Kafiluddin.
|
| 250 |
|
|
|a 1st ed.
|
| 260 |
|
|
|a Dhaka :
|b National Institute of Preventive and Social Medicine,
|c 2005.
|
| 300 |
|
|
|a xxxvii, 1007 p. :
|b ill. ;
|c 25 cm.
|
| 500 |
|
|
|a Part 1 & 2 issued together.
|
| 504 |
|
|
|a Includes bibliographical references and index.
|
| 541 |
1 |
|
|e 00014351
|
| 650 |
1 |
2 |
|a Environmental Health
|
| 650 |
2 |
2 |
|a Disease
|x etiology
|
| 650 |
2 |
2 |
|a Epidemiologic Methods
|
| 650 |
2 |
2 |
|a Research
|
| 650 |
|
2 |
|a Bangladesh
|
| 710 |
2 |
|
|a National Institute of Preventive and Social Medicine (Bangladesh)
|
| 852 |
4 |
|
|a Ayesha Abed Library
|j General Shelf
|
| 999 |
|
|
|c 8338
|d 8338
|
| 952 |
|
|
|0 0
|1 0
|2 ddc
|4 0
|6 362_109549200000000_KAF_2005
|7 0
|9 9624
|a BRACUL
|b BRACUL
|c GEN
|d 2010-05-02
|l 0
|o 362.1095492 KAF
|p 3010014351
|r 2010-05-02
|t 1
|w 2010-05-02
|y BK
|